Síntesis subjetiva o sistema universal de las concepciones propias al estado normal de la humanidad

Guardat en:
Dades bibliogràfiques
Autor principal: Lagarrigue Alessandri, Luis (Autor)
Format: Llibre
Idioma:espanyol
Publicat: Santiago Fundación Juan Enrique Lagarrigue 1943
Matèries:
Etiquetes: Afegir etiqueta
Sense etiquetes, Sigues el primer a etiquetar aquest registre!

MARC

LEADER 00000cam a2200000 a 4500
001 UCG9254
003 CL-VaPUC
008 120302e19430000CL |||||||||||||||||spa|d
082 0 4 |a 146.4  |b LAG  |2 21 
100 |a Lagarrigue Alessandri, Luis  |e author  |9 560734 
245 1 0 |a Síntesis subjetiva o sistema universal de las concepciones propias al estado normal de la humanidad 
246 1 0 |a Moral teórica: bosquejo del sistema de moral teórica proyectada por el supremo maestro Augusto Comte 
300 |a 445 p 
942 |c BK 
945 |d 20120302 00:00:00  |a dcastane 
260 |a Santiago  |b Fundación Juan Enrique Lagarrigue  |c 1943 
650 0 |a Filosofía   |9 223554 
650 0 |a Positivismo  |9 269460 
650 0 |a Espíritu  |9 315904 
650 0 |a Organización social  |9 357570 
583 |a last modification  |c 20120309 08:49:52  |k Rodrigo Vera 
999 |c 346816  |d 346814 
952 |0 0  |1 0  |4 0  |6 146_400000000000000_LAG_1943  |7 0  |8 P  |9 447643  |a BIBEDU  |b BIBEDU  |c BIBEDU_PB  |d 2019-11-22  |i 4839382  |o 146.4 LAG 1943  |p 4839382  |r 2024-01-25  |w 2019-11-22  |y BK  |k EPE